000 00624nam a2200229Ia 4500
003 OSt
005 20230427104425.0
008 210423s2011 xx 000 0 und d
020 _a9780521734325
040 _cAL
041 _aeng
082 _a820.9 CAMM
_223
100 _aWATT (Adam),Ed
_993765
245 _aCambridge introduction to Marcel proust
260 _aNew Delhi
_bCambridge University Press
_c2011
300 _aix,141
_bPB
365 _b1241.84
_cINR
650 _aEnglish Literature
_993766
650 _aLiterature
_993767
906 _aCambridge ; introduction ; Marcel ; proust
942 _2ddc
_cBK
999 _c161772
_d161772